Skylights : the definitive guide to planning, installing, and maintaining skylights and natural light systems /

Bibliographic Details
Main Author: Jensen, Tom
Format: Book
Language:English
Published: Philadelphia, Pa. : Running Press, [1983]
Subjects:

MARC

Tag First Indicator Second Indicator Subfields
LEADER 00000cam a22000008a 4500
001 in00000371921
005 20151011093133.0
008 830124s1983 paua 00110 eng
010 |a  83003089  
020 |a 0894711954 (lib. bdg.) :  |c $19.80 
020 |a 0894711946 (pbk.) :  |c $8.95 
035 |a (OCoLC)09256278 
035 |9 ABQ9361AM 
039 0 |a 2  |b 3  |c 3  |d 3  |e 3 
040 |a DLC  |c DLC  |d TXA  |d UtOrBLW 
049 |a TXAM  |c [000708] 
050 0 0 |a TH2487  |b .J46 1983 
082 0 |a 690/.15  |2 19 
100 1 |a Jensen, Tom. 
245 1 0 |a Skylights :  |b the definitive guide to planning, installing, and maintaining skylights and natural light systems /  |c Tom Jensen. 
263 |a 8302 
264 1 |a Philadelphia, Pa. :  |b Running Press,  |c [1983] 
264 4 |c ©1983 
300 |a 112 pages :  |b illustrations (some color) ;  |c 28 cm. 
336 |a text  |b txt  |2 rdacontent 
337 |a unmediated  |b n  |2 rdamedia 
338 |a volume  |b nc  |2 rdacarrier 
500 |a Includes index. 
650 0 |a Skylights. 
999 |a MARS 
999 f f |s 78f5da56-d1cb-3b63-a9bc-61e31f81ea28  |i 1441556f-ae91-3e6c-bdde-88bad29f55a2  |t 0 
952 f f |p ric  |a Texas A&M University  |b Rellis Campus  |c Joint Library Facility  |d Remote Storage  |t 0  |e TH2487 .J46 1983  |h Library of Congress classification  |i unmediated -- volume  |m A14807416657 
998 f f |a TH2487 .J46 1983  |t 0  |l Remote Storage